Získávání nových trhů
Piata etapa: príprava vstupu na zahraničný trh. Opatrenia vnútri podniku a na cieľovom trhu zamerané na výrobu a dodávku výrobkov podľa potrieb budúcich zákazníkov. Šesť variánt uplatnenia sa na cieľovom trhu: predaj výrobkov z vlastnej tuzemskej produkcie, výroba v dovozovej krajine, dodávky poloto...
Enregistré dans:
| Auteur principal: | |
|---|---|
| Autres auteurs: | |
| Format: | Chapitre de livre |
| Langue: | tchèque |
| Sujets: | |
| Tags: |
Pas de tags, Soyez le premier à ajouter un tag!
|
MARC
| LEADER | 00000naa a2200000 4500 | ||
|---|---|---|---|
| 001 | r034904 | ||
| 005 | 20230908092606.2 | ||
| 041 | 0 | |a cze | |
| 044 | |a CZ | ||
| 245 | 1 | 0 | |a Získávání nových trhů |c Alfons Kachlík, Hana Kachlíková |
| 520 | |a Piata etapa: príprava vstupu na zahraničný trh. Opatrenia vnútri podniku a na cieľovom trhu zamerané na výrobu a dodávku výrobkov podľa potrieb budúcich zákazníkov. Šesť variánt uplatnenia sa na cieľovom trhu: predaj výrobkov z vlastnej tuzemskej produkcie, výroba v dovozovej krajine, dodávky polotovarov a finalizácia výrobkov v cieľovej krajine, výroba v cieľovej krajine iným výrobcom a vlastná distribúcia, využitie franšízy, nepriame uplatnenie na trhu formou predaja vlastnej licencie. Vytvorenie profilu pre vyhľadanie vhodného partnera. | ||
| 610 | 2 | 0 | |a vývoz |
| 610 | 2 | 0 | |a trh zahraničný |
| 610 | 2 | 0 | |a výskum trhu |
| 610 | 2 | 0 | |a styk zahraničnoobchodný |
| 610 | 2 | 0 | |a obchod zahraničný |
| 610 | 2 | 0 | |a získavanie informácií |
| 610 | 2 | 0 | |a opatrenia |
| 610 | 2 | 0 | |a výroba tovaru |
| 610 | 2 | 0 | |a predaj |
| 610 | 2 | 0 | |a sprostredkovatelia |
| 610 | 2 | 0 | |a zástupcovia obchodní |
| 610 | 2 | 0 | |a polovýrobky |
| 610 | 2 | 0 | |a distribúcia |
| 610 | 2 | 0 | |a franšíza |
| 610 | 2 | 0 | |a predaj licencií |
| 610 | 2 | 0 | |a partneri obchodní |
| 100 | 1 | |a Kachlík, Alfons | |
| 700 | 1 | |a Kachlíková, Hana | |